000
00258nam a22001217a 4500
999
_c
527908
_d
527908
040
_c
DLC
082
_a
928.9549
_b
QUD
100
_a
Bano Qudsia
_9
9437
245
_a
Mard e Ibrahim
260
_a
Lahore
_b
Sang e Meel
_c
2007
300
_a
137
942
_2
ddc
_c
BK